World Capitals at Bangkok's Latitude - Statistics

General Stats
  • This quiz has been taken 34 times
  • The average score is 12 of 20
Answer Stats
capital % Correct
Manila
83%
Khartoum
67%
Managua
67%
N'Djamena
67%
Sana'a
67%
Bamako
63%
Guatemala City
63%
Niamey
63%
San Salvador
63%
Dakar
60%
Ouagadougou
60%
Banjul
57%
Tegucigalpa
57%
Asmara
53%
Castries
53%
Kingstown
50%
Bridgetown
43%
Roseau
43%
Saint George's
43%
Praia
40%
No matching quizzes found
Score Distribution
Percent of People with Each Score
Percentile by Number Answered
Your Score History
You have not taken this quiz